000 00630pab a2200169 454500
008 180718b2002 xxu||||| |||| 00| 0 eng d
100 _aAndrews, Sonia
245 _aUser charges in health care: some issues
260 _c2002
300 _ap.3793-795.
362 _a14 Sep
520 _aUser charges, being introduced in several states and institutions have prompted a variety of reactions from consumers. Will this move negatively affect access to health care? What has been the experience elsewhere?
650 _aHealth services
700 _aSailesh Mohan
773 _aEconomic and Political Weekly
909 _a53804
999 _c53804
_d53804